Visualizzazione normale
Vista MARC
- Ardolino Emile
di Personal Name
Records bibliografici associati: 1
001 - CONTROL NUMBER
- control field: 48485
003 - CONTROL NUMBER IDENTIFIER
- control field: IT-RoPau
005 - DATE AND TIME OF LATEST TRANSACTION
- control field: 20151201205906.0
008 - FIXED-LENGTH DATA ELEMENTS
- fixed length control field: 151201|| aca||aabn | a|a d
040 ## - CATALOGING SOURCE
- Original cataloging agency: IT-RoPau
- Transcribing agency: IT-RoPau
100 ## - HEADING--PERSONAL NAME
- Personal name: Ardolino Emile
- Miscellaneous information: Codice regista SPICS: 10046
670 ## - SOURCE DATA FOUND
- Source citation: Work cat.: (IT-RoPau)106740: Ardolino Emile Codice regista SPICS: 10046, SISTER ACT UNA SVITATA IN ABITO DA SUORA SISTER ACT UNA SVITATA IN ABITO DA SUORA (Rif. Codice opera principale : B9841)